Colorado Rockies Season Home Run Leaders - Statistics

General Stats
  • This quiz has been taken 30 times
    7 since last reset
  • The average score is 25 of 35
Answer Stats
Year Player % Correct
1996 Andrés Galarraga
100%
1994 Andrés Galarraga
100%
1999 Larry Walker
100%
1997 Larry Walker
100%
2019 Nolan Arenado
100%
2018 Nolan Arenado
100%
2017 Nolan Arenado
100%
2016 Nolan Arenado
100%
2015 Nolan Arenado
100%
2014 Nolan Arenado
100%
2005 Todd Helton
100%
2002 Todd Helton
100%
2001 Todd Helton
100%
2000 Todd Helton
100%
1998 Vinny Castilla
100%
Matt Holliday
83%
2007 Matt Holliday
83%
2006 Matt Holliday
83%
2020 Trevor Story
83%
2013 Carlos González
67%
2010 Carlos González
67%
Charlie Blackmon
67%
1995 Dante Bichette
67%
2003 Preston Wilson
67%
2011 Troy Tulowitzki
50%
2009 Troy Tulowitzki
50%
2008 Brad Hawpe
33%
2025 Hunter Goodman
33%
2012 Wilin Rosario
33%
1993 Charlie Hayes
17%
2022 C.J. Cron
17%
2021 C.J. Cron
17%
2024 Ezequiel Tovar
17%
2004 Jeromy Burnitz
17%
2023 Ryan McMahon
17%
No matching quizzes found
Score Distribution
Percent of People with Each Score
Percentile by Number Answered
Your Score History
You have not taken this quiz since the last reset